The truth and unity of man : letters in response to a crisis /

Bibliographic Details
Main Author: Muhaiyaddeen, M. R. Bawa
Format: Book
Language:English
Published: Philadelphia, PA : Fellowship Press, [1980]
Subjects:

MARC

Tag First Indicator Second Indicator Subfields
LEADER 00000cam a22000008a 4500
001 in00000075620
005 20151008053651.0
008 800604s1980 pauc 00010 engm
010 |a  80018050  
020 |a 0914390155 :  |c $6.95 
020 |a 0914390147 (pbk.) :  |c $3.95 
035 |a (OCoLC)06447178 
035 |9 AAH8215AM 
040 |a DLC  |c DLC  |d m.c.  |d TXA  |d UtOrBLW 
043 |a a-ir---  |a n-us--- 
049 |a TXAM  |c [1654380] 
050 0 0 |a BP173.7  |b .M79 
082 0 |a 297/.1977 
100 1 |a Muhaiyaddeen, M. R. Bawa. 
245 1 4 |a The truth and unity of man :  |b letters in response to a crisis /  |c by M.R. Bawa Muhaiyaddeen. 
263 |a 8005 
264 1 |a Philadelphia, PA :  |b Fellowship Press,  |c [1980] 
264 4 |c ©1980 
300 |a 134 pages :  |b portrait ;  |c 18 cm. 
336 |a text  |b txt  |2 rdacontent 
337 |a unmediated  |b n  |2 rdamedia 
338 |a volume  |b nc  |2 rdacarrier 
600 1 0 |a Khomeini, Ruhollah  |x Miscellanea. 
650 0 |a Islam and politics  |x Miscellanea. 
650 0 |a Islam  |y 20th century  |v Miscellanea. 
650 0 |a Islam and politics  |z Iran  |x Miscellanea. 
651 0 |a United States  |x Politics and government  |v Miscellanea. 
999 |a MARS 
999 f f |s 1b942dbb-06f0-3859-9acf-c1aee5eccd5b  |i ef471952-c674-3e0c-8bab-9c73ee1b3f63  |t 0 
952 f f |p ric  |a Texas A&M University  |b Rellis Campus  |c Joint Library Facility  |d Remote Storage  |t 0  |e BP173.7 .M79  |h Library of Congress classification  |i unmediated -- volume  |m A14806090377 
998 f f |a BP173.7 .M79  |t 0  |l Remote Storage